00975nam a22002777a 450000500170000001000130001702000220003003500130005203700160006504000120008108200130009310000290010624501380013524600060027326000350027927000380031430000260035250000200037865000430039865000340044170000260047570000350050194200220053699900190055895201200057720170124110158.0 aA-813242 c00.00a8125009698 aA-813242 bCen Lib/Ret aDPLbEN a080bGRA aGramsci, Antonio 935520 aSelections from the prision notebooks of antonio gramsci /cby Anotonio Gramsci; edited by Quintin Hoare [and] Geoffrey Nowell Smith  b  bOrient Longman aMadras c1996 bMadras a160 anna salai e600002 axcvi, 483p.c19cm(Hb) aIncludes index  aProblems xHistory and culture 935521 aEducation and culture 935522 aHoare, Quintin935523 aSmith, Geoffrey Nowell 935524 2ddccENh080mGRA c132708d132708 00104070aLbLd2015-07-23eCen Lib/Retg0.00l0o080 GRApA-813242r2015-07-23 00:00:00t1v0.00w2015-07-23yEN